| 000 | 00574nam a2200193 a 4500 | ||
|---|---|---|---|
| 005 | 20240911064801.0 | ||
| 008 | 130930s2011 mx r 000 0 spa d | ||
| 020 | _a9786079124663 | ||
| 035 | _aUPN01000193275 | ||
| 049 | _aCG | ||
| 050 | 4 |
_aHX40 _bM3.7 |
|
| 245 | 0 | 0 |
_aMarx y el marxismo crítico en el siglo XXI / _ccoord. Camilo Valqui Cachi. |
| 260 |
_aMéxico : _bEón : _bUniversidad Autónoma de Guerrero, _c2011. |
||
| 300 | _a359 p. | ||
| 440 | 0 | _aMiradas del centauro | |
| 650 | 4 |
_aComunismo _96792 |
|
| 700 | 1 |
_aValqui Cachi, Camilo, _ecoord. |
|
| 905 | _aLibro | ||
| 999 |
_c165376 _d165376 |
||